अहसास के पल (Record no. 197945)

MARC details
000 -LEADER
fixed length control field 00718nam a22001817a 4500
005 - DATE AND TIME OF LATEST TRANSACTION
control field 20230906164000.0
010 ## - LCCN (DPL NO)
LC control number HIN-125868
020 ## - INTERNATIONAL STANDARD BOOK NUMBER
Terms of availability 300.00
International Standard Book Number 97899395084062
035 ## - SYSTEM CONTROL NUMBER
System control number HN-98214
037 ## - SOURCE OF ACQUISITION
Source of stock number/acquisition DBAD/PUB
082 ## - DEWEY DECIMAL CLASSIFICATION NUMBER
Classification number 821
100 ## - MAIN ENTRY--PERSONAL NAME
Personal name शर्मा सुनीता
245 ## - TITLE STATEMENT
Title अहसास के पल
Statement of responsibility, etc शर्मा सुनीता
260 ## - PUBLICATION, DISTRIBUTION, ETC. (IMPRINT)
Place of publication, distribution, etc अलवर
Name of publisher, distributor, etc दीप ज्योति ग्रुप ऑफ पब्लिकेशन्स
Date of publication, distribution, etc 2023
270 ## - ADDRESS
Address महावीर मार्ग ,अलवर
City अलवर
Postal code 301001
300 ## - PHYSICAL DESCRIPTION
Extent 112 पृ.
Dimensions 22सेमी.(सजिल्द)
942 ## - ADDED ENTRY ELEMENTS (KOHA)
Source of classification or shelving scheme Dewey Decimal Classification
Item type Hindi Books
Call number suffix शर्मा
Classification part 821
Holdings
Withdrawn status Lost status Not for loan Collection code Home library Current library Date acquired Source of acquisition Cost, normal purchase price Full call number Barcode Copy number Cost, replacement price Koha item type
      Non-fiction Vinoba Puri Vinoba Puri 06/09/2023 DBAD/PUB 300.00 शर्मा 821 HN-98214 1 300.00 Hindi Books

© Delhi Public Library
Hit Counter
free hit counter